[Event "ureki 2015"]
[Site "?"]
[Date "2015.10.05"]
[Round "1.10"]
[White "Gavasheli, Ana"]
[Black "Mikadze, Miranda"]
[Result "1/2-1/2"]
[LiveChessVersion "1.3.1"]
[BlackElo "2245"]
[WhiteElo "2168"]

1. Nf3 {[%clk 1:30:57]} d5 {[%clk 1:30:46]} 2. g3 {[%clk 1:31:21]} Nf6
{[%clk 1:31:12]} 3. Bg2 {[%clk 1:31:47]} c6 {[%clk 1:31:23]} 4. d3
{[%clk 1:32:09]} Nbd7 {[%clk 1:29:22]} 5. Nbd2 {[%clk 1:32:25]} e5
{[%clk 1:29:37]} 6. O-O {[%clk 1:31:33]} Be7 {[%clk 1:29:39]} 7. e4
{[%clk 1:30:14]} dxe4 {[%clk 1:29:24]} 8. dxe4 {[%clk 1:30:35]} O-O
{[%clk 1:29:38]} 9. Qe1 {[%clk 1:24:25]} Qc7 {[%clk 1:28:39]} 10. a4
{[%clk 1:22:16]} b6 {[%clk 1:22:36]} 11. Kh1 {[%clk 1:18:22]} Ba6
{[%clk 1:19:00]} 12. Rg1 {[%clk 1:16:14]} Rfe8 {[%clk 1:17:32]} 13. Nf1
{[%clk 1:11:01]} Nc5 {[%clk 1:09:31]} 14. Nh4 {[%clk 1:09:52]} g6
{[%clk 1:03:56]} 15. b3 {[%clk 1:02:20]} Bb7 {[%clk 0:32:15]} 16. Nd2
{[%clk 1:00:35]} Rad8 {[%clk 0:24:58]} 17. Nhf3 {[%clk 0:58:41]} Bf8
{[%clk 0:16:34]} 18. Bb2 {[%clk 0:55:25]} Bg7 {[%clk 0:16:08]} 19. Nh4
{[%clk 0:31:09]} a6 {[%clk 0:14:11]} 20. b4 {[%clk 0:14:07]} Ne6 {[%clk 0:12:04]}
21. Nhf3 {[%clk 0:13:46]} Nd7 {[%clk 0:10:13]} 22. Rd1 {[%clk 0:09:13]} b5
{[%clk 0:09:55]} 23. c4 {[%clk 0:08:55]} c5 {[%clk 0:04:26]} 24. cxb5
{[%clk 0:08:17]} axb5 {[%clk 0:04:45]} 25. axb5 {[%clk 0:08:40]} cxb4
{[%clk 0:04:59]} 26. Rc1 {[%clk 0:07:34]} Nec5 {[%clk 0:04:37]} 27. Qe3
{[%clk 0:04:01]} Qd6 {[%clk 0:02:18]} 28. Ne1 {[%clk 0:01:00]} Nb6
{[%clk 0:00:55]} 29. Qxc5 {[%clk 0:01:10]} Qxc5 {[%clk 0:01:16]} 30. Rxc5
{[%clk 0:01:35]} Rxd2 {[%clk 0:01:44]} 31. Bc1 {[%clk 0:01:48]} Re2
{[%clk 0:00:44]} 32. Bf3 {[%clk 0:00:49]} Ra2 {[%clk 0:00:38]} 33. Rc7
{[%clk 0:00:50]} Ba8 {[%clk 0:00:51]} 34. Nd3 {[%clk 0:00:51]} b3
{[%clk 0:00:36]} 1/2-1/2

[Event "ureki 2015"]
[Site "?"]
[Date "2015.10.05"]
[Round "1.11"]
[White "Sibashvili, Giorgi"]
[Black "Metreveli, Lekso"]
[Result "1-0"]
[LiveChessVersion "1.3.1"]
[BlackElo "1443"]
[WhiteElo "2367"]

1. d4 {[%clk 1:29:27]} Nf6 {[%clk 1:27:59]} 2. c4 {[%clk 1:29:22]} e6
{[%clk 1:28:15]} 3. Nc3 {[%clk 1:29:18]} d5 {[%clk 1:28:15]} 4. Nf3
{[%clk 1:28:24]} Be7 {[%clk 1:28:29]} 5. Bf4 {[%clk 1:28:45]} O-O
{[%clk 1:27:15]} 6. e3 {[%clk 1:28:02]} c6 {[%clk 1:25:48]} 7. Bd3
{[%clk 1:26:28]} Nbd7 {[%clk 1:25:57]} 8. h3 {[%clk 1:24:12]} Re8
{[%clk 1:15:55]} 9. O-O {[%clk 1:22:21]} Nf8 {[%clk 1:09:38]} 10. e4
{[%clk 1:21:24]} Ng6 {[%clk 1:07:32]} 11. Bh2 {[%clk 1:21:45]} dxe4
{[%clk 1:07:07]} 12. Nxe4 {[%clk 1:22:09]} Nxe4 {[%clk 1:07:12]} 13. Bxe4
{[%clk 1:22:33]} Bd6 {[%clk 1:05:10]} 14. Bxd6 {[%clk 1:20:39]} Qxd6
{[%clk 1:05:33]} 15. Qc2 {[%clk 1:21:00]} f5 {[%clk 0:52:04]} 16. Bd3
{[%clk 1:16:51]} Qf4 {[%clk 0:41:28]} 17. Rfe1 {[%clk 1:12:57]} Bd7
{[%clk 0:39:24]} 18. Qc3 {[%clk 1:10:16]} Re7 {[%clk 0:35:50]} 19. c5
{[%clk 1:07:51]} Rae8 {[%clk 0:24:43]} 20. Bc4 {[%clk 1:06:53]} Kh8
{[%clk 0:22:59]} 21. Ne5 {[%clk 1:03:48]} Nxe5 {[%clk 0:21:26]} 22. Rxe5
{[%clk 1:04:08]} Qh4 {[%clk 0:12:15]} 23. Rae1 {[%clk 1:04:05]} Qf6
{[%clk 0:12:18]} 24. Qe3 {[%clk 1:01:36]} Rf7 {[%clk 0:06:09]} 25. f4
{[%clk 0:55:16]} g6 {[%clk 0:04:50]} 26. b4 {[%clk 0:51:15]} Kg7 {[%clk 0:03:15]}
27. a4 {[%clk 0:51:30]} a6 {[%clk 0:02:57]} 28. Kf2 {[%clk 0:48:21]} Rfe7
{[%clk 0:01:29]} 29. Ke2 {[%clk 0:47:38]} Kf7 {[%clk 0:01:22]} 30. Kd3
{[%clk 0:47:38]} Kf8 {[%clk 0:01:24]} 31. Qf3 {[%clk 0:47:03]} h5
{[%clk 0:00:59]} 32. Kc3 {[%clk 0:44:03]} Rg7 {[%clk 0:01:00]} 33. g3
{[%clk 0:43:20]} Rge7 {[%clk 0:00:45]} 34. Rb1 {[%clk 0:43:00]} Ra8
{[%clk 0:00:56]} 35. Qe2 {[%clk 0:42:01]} Kf7 {[%clk 0:00:55]} 36. Rb3
{[%clk 0:40:40]} Kf8 {[%clk 0:01:03]} 37. Kb2 {[%clk 0:39:28]} Kf7
{[%clk 0:01:16]} 38. Rbe3 {[%clk 0:35:29]} Rae8 {[%clk 0:01:20]} 39. g4
{[%clk 0:35:18]} hxg4 {[%clk 0:01:13]} 40. hxg4 {[%clk 1:05:44]} fxg4
{[%clk 0:31:16]} 41. Qxg4 {[%clk 1:06:02]} Kg7 {[%clk 0:31:22]} 42. Kc3
{[%clk 1:02:30]} Rf7 {[%clk 0:20:37]} 43. Bxe6 {[%clk 0:58:55]} Bxe6
{[%clk 0:19:31]} 44. Rxe6 {[%clk 0:59:20]} Rfe7 {[%clk 0:17:54]} 45. R6e5
{[%clk 0:56:02]} Rxe5 {[%clk 0:17:27]} 46. dxe5 {[%clk 0:56:08]} Qe6
{[%clk 0:08:00]} 47. Qxe6 {[%clk 0:56:09]} Rxe6 {[%clk 0:08:29]} 48. Rd3
{[%clk 0:56:30]} Re7 {[%clk 0:08:50]} 49. Kd4 {[%clk 0:56:04]} Kf7
{[%clk 0:07:30]} 50. Ke4 {[%clk 0:56:26]} Ke8 {[%clk 0:05:56]} 51. Rd6
{[%clk 0:56:51]} Kf7 {[%clk 0:05:18]} 52. a5 {[%clk 0:57:15]} Rc7
{[%clk 0:04:52]} 53. Kf3 {[%clk 0:57:23]} Kg7 {[%clk 0:04:41]} 54. Kg4
{[%clk 0:57:48]} Kh6 {[%clk 0:04:32]} 55. f5 {[%clk 0:58:03]} 1-0

[Event "ureki 2015"]
[Site "?"]
[Date "2015.10.05"]
[Round "1.12"]
[White "Kostava, Elene"]
[Black "Kuchava, Ana"]
[Result "0-1"]
[LiveChessVersion "1.3.1"]
[BlackElo "2095"]
[WhiteElo "1775"]

1. d4 {[%clk 1:30:58]} d5 {[%clk 1:30:51]} 2. c4 {[%clk 1:31:20]} e6
{[%clk 1:30:58]} 3. Nf3 {[%clk 1:31:40]} Nf6 {[%clk 1:31:23]} 4. Nc3
{[%clk 1:32:05]} Be7 {[%clk 1:31:06]} 5. Bf4 {[%clk 1:31:56]} c5 {[%clk 1:31:12]}
6. dxc5 {[%clk 1:32:12]} Bxc5 {[%clk 1:31:38]} 7. e3 {[%clk 1:32:27]} Nc6
{[%clk 1:32:03]} 8. a3 {[%clk 1:32:39]} O-O {[%clk 1:32:26]} 9. Qc2
{[%clk 1:32:25]} Qa5 {[%clk 1:32:22]} 10. Rd1 {[%clk 1:30:41]} Be7
{[%clk 1:31:52]} 11. Be2 {[%clk 1:29:17]} a6 {[%clk 1:30:57]} 12. O-O
{[%clk 1:29:26]} h6 {[%clk 1:30:40]} 13. h3 {[%clk 1:29:32]} Rd8 {[%clk 1:21:35]}
14. Rd2 {[%clk 1:21:01]} dxc4 {[%clk 1:12:52]} 15. Rxd8+ {[%clk 1:19:27]} Bxd8
{[%clk 1:12:01]} 16. Bxc4 {[%clk 1:19:03]} b5 {[%clk 1:08:57]} 17. Bd3
{[%clk 1:18:13]} Bb7 {[%clk 1:07:13]} 18. Qb3 {[%clk 1:07:19]} Ne7
{[%clk 1:01:55]} 19. e4 {[%clk 1:03:18]} Bc7 {[%clk 0:42:40]} 20. Bd2
{[%clk 1:01:07]} Qb6 {[%clk 0:41:25]} 21. Be3 {[%clk 1:01:07]} Qc6
{[%clk 0:36:31]} 22. Rc1 {[%clk 0:54:43]} Qd7 {[%clk 0:36:42]} 23. Rd1
{[%clk 0:51:01]} Qc8 {[%clk 0:31:48]} 24. Bb1 {[%clk 0:47:43]} Nc6
{[%clk 0:28:30]} 25. Nd2 {[%clk 0:28:38]} Qb8 {[%clk 0:26:07]} 26. g3
{[%clk 0:26:44]} Bxg3 {[%clk 0:25:05]} 27. Ne2 {[%clk 0:24:37]} Bc7
{[%clk 0:24:42]} 28. f4 {[%clk 0:22:13]} Ne7 {[%clk 0:19:06]} 29. Qc2
{[%clk 0:19:14]} Ng6 {[%clk 0:17:58]} 30. e5 {[%clk 0:15:37]} Nd5
{[%clk 0:18:01]} 31. Bc5 {[%clk 0:15:35]} Qd8 {[%clk 0:16:15]} 32. Ne4
{[%clk 0:13:29]} Rc8 {[%clk 0:12:13]} 33. b4 {[%clk 0:12:49]} Qh4
{[%clk 0:10:51]} 34. Rd3 {[%clk 0:06:18]} Ndxf4 {[%clk 0:10:01]} 35. Nxf4
{[%clk 0:05:28]} Bxe4 {[%clk 0:08:02]} 36. Nxe6 {[%clk 0:02:46]} Qe1+
{[%clk 0:08:15]} 37. Kh2 {[%clk 0:03:04]} Bxe5+ {[%clk 0:08:35]} 0-1

[Event "ureki 2015"]
[Site "?"]
[Date "2015.10.05"]
[Round "1.1"]
[White "Bernadskiy, Vitaliy"]
[Black "Benidze, Davit"]
[Result "1/2-1/2"]
[LiveChessVersion "1.3.1"]
[BlackElo "2491"]
[WhiteElo "2544"]

1. b3 {[%clk 1:30:57]} Nf6 {[%clk 1:30:43]} 2. Bb2 {[%clk 1:31:23]} g6
{[%clk 1:31:09]} 3. Nf3 {[%clk 1:29:41]} Bg7 {[%clk 1:31:32]} 4. g3
{[%clk 1:30:03]} c5 {[%clk 1:29:28]} 5. Bg2 {[%clk 1:25:40]} d5 {[%clk 1:29:45]}
6. O-O {[%clk 1:25:23]} Nc6 {[%clk 1:30:04]} 7. d4 {[%clk 1:23:03]} Ne4
{[%clk 1:29:52]} 8. e3 {[%clk 1:21:30]} O-O {[%clk 1:24:00]} 9. c4
{[%clk 1:11:00]} Be6 {[%clk 1:21:04]} 10. Ne5 {[%clk 1:05:49]} Qc7
{[%clk 1:08:20]} 11. cxd5 {[%clk 0:50:49]} Bxd5 {[%clk 1:07:38]} 12. Nxc6
{[%clk 0:45:02]} Bxc6 {[%clk 0:58:54]} 13. Qc2 {[%clk 0:45:01]} f5
{[%clk 0:54:48]} 14. f3 {[%clk 0:40:36]} Nf6 {[%clk 0:55:03]} 15. Qxc5
{[%clk 0:40:27]} Nd5 {[%clk 0:55:24]} 16. Nc3 {[%clk 0:35:52]} Nxe3
{[%clk 0:48:27]} 17. d5 {[%clk 0:34:59]} Nxf1 {[%clk 0:48:41]} 18. dxc6
{[%clk 0:32:28]} Nxg3 {[%clk 0:45:05]} 19. hxg3 {[%clk 0:29:49]} Qxc6
{[%clk 0:45:06]} 20. Qxc6 {[%clk 0:28:13]} bxc6 {[%clk 0:45:34]} 21. Na4
{[%clk 0:27:49]} Rad8 {[%clk 0:43:15]} 22. Bxg7 {[%clk 0:23:07]} Kxg7
{[%clk 0:43:19]} 23. Nc5 {[%clk 0:23:05]} Kf6 {[%clk 0:41:12]} 24. f4
{[%clk 0:21:59]} Rd6 {[%clk 0:38:38]} 25. Re1 {[%clk 0:19:33]} Rfd8
{[%clk 0:36:50]} 26. Kf2 {[%clk 0:12:21]} Rd2+ {[%clk 0:26:49]} 27. Re2
{[%clk 0:12:47]} R8d6 {[%clk 0:26:33]} 28. a4 {[%clk 0:10:09]} h5
{[%clk 0:25:59]} 29. Bf3 {[%clk 0:09:32]} Rxe2+ {[%clk 0:23:08]} 30. Kxe2
{[%clk 0:09:49]} e5 {[%clk 0:23:33]} 1/2-1/2

[Event "ureki 2015"]
[Site "?"]
[Date "2015.10.05"]
[Round "1.2"]
[White "Quparadze, Giga"]
[Black "Sivuk, Vitaly"]
[Result "0-1"]
[LiveChessVersion "1.3.1"]
[BlackElo "2490"]
[WhiteElo "2445"]

1. e4 {[%clk 1:30:56]} e5 {[%clk 1:30:37]} 2. Nf3 {[%clk 1:31:21]} Nc6
{[%clk 1:30:53]} 3. Bb5 {[%clk 1:31:43]} Nf6 {[%clk 1:31:08]} 4. d3
{[%clk 1:31:46]} Bc5 {[%clk 1:31:20]} 5. c3 {[%clk 1:32:07]} O-O {[%clk 1:31:28]}
6. O-O {[%clk 1:32:19]} Re8 {[%clk 1:31:47]} 7. Re1 {[%clk 1:32:06]} a6
{[%clk 1:31:19]} 8. Ba4 {[%clk 1:31:49]} b5 {[%clk 1:30:45]} 9. Bb3
{[%clk 1:32:01]} d6 {[%clk 1:30:38]} 10. Bg5 {[%clk 1:32:11]} Be6
{[%clk 1:27:24]} 11. Nbd2 {[%clk 1:32:09]} h6 {[%clk 1:26:56]} 12. Bh4
{[%clk 1:32:31]} Bb6 {[%clk 1:25:38]} 13. Nf1 {[%clk 1:32:40]} Bxb3
{[%clk 1:22:28]} 14. axb3 {[%clk 1:31:37]} Nb8 {[%clk 1:22:28]} 15. Ne3
{[%clk 1:31:43]} Bxe3 {[%clk 1:20:29]} 16. fxe3 {[%clk 1:31:51]} Nbd7
{[%clk 1:19:51]} 17. Nd2 {[%clk 1:31:07]} Qe7 {[%clk 1:17:38]} 18. Qe2
{[%clk 1:29:55]} Qe6 {[%clk 1:13:58]} 19. Ra3 {[%clk 1:28:18]} d5
{[%clk 1:09:56]} 20. Bxf6 {[%clk 1:26:51]} Nxf6 {[%clk 1:10:01]} 21. exd5
{[%clk 1:27:16]} Qxd5 {[%clk 1:08:33]} 22. e4 {[%clk 1:26:25]} Qd6
{[%clk 1:08:21]} 23. b4 {[%clk 1:24:10]} Red8 {[%clk 1:03:37]} 24. Nf3
{[%clk 1:24:20]} Qxd3 {[%clk 1:02:11]} 25. Qxd3 {[%clk 1:24:46]} Rxd3
{[%clk 1:02:33]} 26. Nxe5 {[%clk 1:25:13]} Rd2 {[%clk 1:02:36]} 27. Ra2
{[%clk 1:25:37]} Rad8 {[%clk 0:59:33]} 28. Nf3 {[%clk 1:24:29]} Rd1
{[%clk 0:59:20]} 29. Kf2 {[%clk 1:24:53]} Rxe1 {[%clk 0:54:02]} 30. Kxe1
{[%clk 1:25:16]} Rd6 {[%clk 0:48:58]} 31. e5 {[%clk 1:24:22]} Re6
{[%clk 0:49:22]} 32. h3 {[%clk 1:17:32]} Nd5 {[%clk 0:42:11]} 33. Kf2
{[%clk 1:17:04]} Nf4 {[%clk 0:41:53]} 34. Kg3 {[%clk 1:10:08]} Nd3
{[%clk 0:40:13]} 35. Kh2 {[%clk 1:09:54]} Kf8 {[%clk 0:35:47]} 36. Nd4
{[%clk 1:09:14]} Rb6 {[%clk 0:35:47]} 37. Nb3 {[%clk 1:09:36]} Ke7
{[%clk 0:29:29]} 38. Nc5 {[%clk 1:07:21]} Nxc5 {[%clk 0:28:17]} 39. bxc5
{[%clk 1:07:47]} Rc6 {[%clk 0:28:39]} 40. b4 {[%clk 1:38:14]} Ke6
{[%clk 0:58:56]} 41. Rd2 {[%clk 1:31:16]} Kxe5 {[%clk 0:55:07]} 42. Rd8
{[%clk 1:31:12]} Ke6 {[%clk 0:53:31]} 43. Kg1 {[%clk 1:30:02]} Ke7
{[%clk 0:43:39]} 44. Ra8 {[%clk 1:30:23]} Rf6 {[%clk 0:43:57]} 45. Rg8
{[%clk 1:26:58]} g6 {[%clk 0:42:47]} 46. Rc8 {[%clk 1:25:03]} Kd7
{[%clk 0:43:03]} 47. Ra8 {[%clk 1:25:28]} g5 {[%clk 0:41:15]} 48. Kh2
{[%clk 1:23:23]} Re6 {[%clk 0:35:21]} 49. Rf8 {[%clk 1:22:28]} f6
{[%clk 0:35:06]} 50. Ra8 {[%clk 1:22:31]} f5 {[%clk 0:34:24]} 51. Kg1
{[%clk 1:21:17]} Kc6 {[%clk 0:28:13]} 52. Rxa6+ {[%clk 1:14:52]} Kd5
{[%clk 0:26:51]} 53. Ra7 {[%clk 1:13:38]} Re7 {[%clk 0:26:36]} 54. Kf2
{[%clk 1:12:17]} Kc4 {[%clk 0:26:44]} 55. Rb7 {[%clk 1:12:21]} f4
{[%clk 0:25:21]} 56. c6 {[%clk 1:11:57]} Re6 {[%clk 0:16:23]} 57. Rxc7
{[%clk 1:12:16]} Kxc3 {[%clk 0:16:48]} 58. Rc8 {[%clk 1:11:45]} Kxb4
{[%clk 0:17:02]} 59. c7 {[%clk 1:12:11]} Rc6 {[%clk 0:17:26]} 60. Ke2
{[%clk 1:12:33]} Kc4 {[%clk 0:15:49]} 61. Kd2 {[%clk 1:12:32]} Rd6+
{[%clk 0:14:48]} 62. Kc2 {[%clk 1:11:44]} Rd7 {[%clk 0:14:49]} 63. Kb2
{[%clk 1:10:44]} b4 {[%clk 0:14:11]} 64. h4 {[%clk 1:08:15]} Rf7 {[%clk 0:12:35]}
65. Kc2 {[%clk 1:02:06]} gxh4 {[%clk 0:10:52]} 66. Kb2 {[%clk 1:01:04]} h5
{[%clk 0:04:31]} 67. Kc2 {[%clk 0:57:59]} h3 {[%clk 0:03:02]} 68. gxh3
{[%clk 0:58:26]} f3 {[%clk 0:03:21]} 69. Kb2 {[%clk 0:58:53]} h4 {[%clk 0:01:56]}
70. Re8 {[%clk 0:58:37]} Rxc7 {[%clk 0:02:20]} 71. Rf8 {[%clk 0:59:04]} Rd7
{[%clk 0:02:11]} 72. Rxf3 {[%clk 0:58:58]} Rd2+ {[%clk 0:02:10]} 73. Kb1
{[%clk 0:57:40]} Rd3 {[%clk 0:02:12]} 74. Rf1 {[%clk 0:55:38]} Rxh3
{[%clk 0:02:22]} 75. Kb2 {[%clk 0:56:04]} Rh2+ {[%clk 0:02:28]} 76. Kb1
{[%clk 0:56:30]} Rd2 {[%clk 0:02:24]} 77. Rc1+ {[%clk 0:56:14]} Kb3
{[%clk 0:02:01]} 78. Rh1 {[%clk 0:56:36]} Rd3 {[%clk 0:02:11]} 79. Kc1
{[%clk 0:56:38]} h3 {[%clk 0:02:34]} 80. Kb1 {[%clk 0:56:33]} Kc3
{[%clk 0:02:52]} 81. Ka2 {[%clk 0:56:53]} Rd2+ {[%clk 0:03:12]} 82. Kb1
{[%clk 0:57:06]} h2 {[%clk 0:03:35]} 0-1

[Event "ureki 2015"]
[Site "?"]
[Date "2015.10.05"]
[Round "1.3"]
[White "Popov, Valerij"]
[Black "Managadze, Nikoloz"]
[Result "1/2-1/2"]
[LiveChessVersion "1.3.1"]
[BlackElo "2459"]
[WhiteElo "2525"]

1. d4 {[%clk 1:30:56]} d5 {[%clk 1:30:34]} 2. c4 {[%clk 1:31:15]} e6
{[%clk 1:30:45]} 3. Nc3 {[%clk 1:31:38]} Be7 {[%clk 1:31:03]} 4. cxd5
{[%clk 1:31:52]} exd5 {[%clk 1:31:25]} 5. Bf4 {[%clk 1:32:17]} Nf6
{[%clk 1:31:13]} 6. e3 {[%clk 1:29:54]} O-O {[%clk 1:30:19]} 7. Bd3
{[%clk 1:26:17]} c5 {[%clk 1:29:44]} 8. dxc5 {[%clk 1:24:13]} Nc6
{[%clk 1:29:38]} 9. Nf3 {[%clk 1:23:07]} Bxc5 {[%clk 1:29:27]} 10. O-O
{[%clk 1:22:35]} d4 {[%clk 1:28:38]} 11. Na4 {[%clk 1:16:24]} Bd6
{[%clk 1:27:15]} 12. Bxd6 {[%clk 1:03:29]} Qxd6 {[%clk 1:27:28]} 13. Be2
{[%clk 0:54:28]} Rd8 {[%clk 1:20:54]} 14. Nxd4 {[%clk 0:54:48]} Nxd4
{[%clk 1:20:53]} 15. Qxd4 {[%clk 0:55:04]} Qxd4 {[%clk 1:21:05]} 16. exd4
{[%clk 0:55:30]} Rxd4 {[%clk 1:20:51]} 17. Rfd1 {[%clk 0:51:07]} Rxd1+
{[%clk 1:19:52]} 18. Rxd1 {[%clk 0:51:32]} Be6 {[%clk 1:20:14]} 19. Nc3
{[%clk 0:48:51]} Kf8 {[%clk 1:17:01]} 20. f4 {[%clk 0:38:48]} Ke7
{[%clk 1:03:50]} 21. Bf3 {[%clk 0:37:36]} Rc8 {[%clk 1:03:43]} 22. a3
{[%clk 0:36:16]} b6 {[%clk 1:01:17]} 23. Nb5 {[%clk 0:36:08]} Bd7
{[%clk 0:58:23]} 24. Re1+ {[%clk 0:30:58]} Kf8 {[%clk 0:58:19]} 25. Nd4
{[%clk 0:31:21]} a5 {[%clk 0:56:58]} 26. h3 {[%clk 0:31:02]} h5 {[%clk 0:56:06]}
27. Kf2 {[%clk 0:30:36]} g6 {[%clk 0:53:54]} 28. Re3 {[%clk 0:22:11]} Rc4
{[%clk 0:49:40]} 29. Rd3 {[%clk 0:22:29]} b5 {[%clk 0:49:57]} 30. Ke3
{[%clk 0:21:52]} b4 {[%clk 0:48:20]} 31. axb4 {[%clk 0:16:21]} Rxb4
{[%clk 0:48:11]} 32. Rb3 {[%clk 0:16:17]} Ra4 {[%clk 0:45:03]} 33. Rb6
{[%clk 0:06:04]} Kg7 {[%clk 0:44:39]} 34. Rb7 {[%clk 0:04:42]} Ra1
{[%clk 0:42:35]} 35. Nb3 {[%clk 0:02:54]} Ra2 {[%clk 0:42:02]} 36. Nc1
{[%clk 0:03:16]} Ra1 {[%clk 0:42:08]} 37. Nb3 {[%clk 0:03:15]} Ra2
{[%clk 0:42:37]} 38. Nc5 {[%clk 0:03:35]} Bc8 {[%clk 0:42:37]} 39. Rc7
{[%clk 0:02:54]} Bf5 {[%clk 0:42:53]} 40. b3 {[%clk 0:32:46]} Kf8
{[%clk 1:07:55]} 41. Ra7 {[%clk 0:30:56]} h4 {[%clk 0:58:11]} 42. Bc6
{[%clk 0:24:58]} Ra1 {[%clk 0:55:13]} 43. Ba8 {[%clk 0:21:44]} Kg7
{[%clk 0:45:32]} 44. Bf3 {[%clk 0:21:49]} Kf8 {[%clk 0:45:26]} 45. Kd4
{[%clk 0:20:00]} Rf1 {[%clk 0:43:36]} 46. Be2 {[%clk 0:14:15]} Re1
{[%clk 0:41:39]} 47. Bc4 {[%clk 0:12:34]} Rd1+ {[%clk 0:41:39]} 48. Ke3
{[%clk 0:08:05]} Nd5+ {[%clk 0:38:26]} 49. Bxd5 {[%clk 0:08:16]} Rxd5
{[%clk 0:38:50]} 50. Rxa5 {[%clk 0:08:40]} Rd1 {[%clk 0:39:12]} 51. Ra2
{[%clk 0:07:08]} Rb1 {[%clk 0:38:51]} 52. Rd2 {[%clk 0:06:51]} Ke7
{[%clk 0:38:39]} 53. Kd4 {[%clk 0:06:00]} Rf1 {[%clk 0:38:22]} 54. Re2+
{[%clk 0:05:48]} Kf6 {[%clk 0:35:32]} 55. Ne4+ {[%clk 0:03:21]} Kg7
{[%clk 0:34:46]} 56. Rf2 {[%clk 0:03:14]} Rb1 {[%clk 0:31:39]} 57. Nd2
{[%clk 0:03:06]} Rb2 {[%clk 0:32:04]} 58. Re2 {[%clk 0:03:21]} f6
{[%clk 0:30:58]} 59. Kc3 {[%clk 0:02:14]} Rc2+ {[%clk 0:31:24]} 60. Kd4
{[%clk 0:02:40]} Rb2 {[%clk 0:31:51]} 61. Rf2 {[%clk 0:01:12]} Kf7
{[%clk 0:31:09]} 62. Kc3 {[%clk 0:01:42]} Rc2+ {[%clk 0:31:35]} 63. Kd4
{[%clk 0:02:10]} Rb2 {[%clk 0:31:57]} 64. Ke4 1/2-1/2

[Event "ureki 2015"]
[Site "?"]
[Date "2015.10.05"]
[Round "1.4"]
[White "Arabidze, Meri"]
[Black "Lomineishvili, Maia"]
[Result "1/2-1/2"]
[LiveChessVersion "1.3.1"]
[BlackElo "2369"]
[WhiteElo "2405"]

1. Nf3 {[%clk 1:30:52]} Nf6 {[%clk 1:30:37]} 2. c4 {[%clk 1:31:12]} e6
{[%clk 1:30:46]} 3. g3 {[%clk 1:31:23]} d5 {[%clk 1:28:05]} 4. b3
{[%clk 1:31:44]} b6 {[%clk 1:26:44]} 5. Bg2 {[%clk 1:28:38]} Bb7 {[%clk 1:26:59]}
6. cxd5 {[%clk 1:27:55]} exd5 {[%clk 1:27:10]} 7. d4 {[%clk 1:26:34]} Bb4+
{[%clk 1:25:55]} 8. Nbd2 {[%clk 1:23:23]} Ne4 {[%clk 1:21:34]} 9. Qc2
{[%clk 1:13:02]} O-O {[%clk 1:13:55]} 10. O-O {[%clk 1:12:14]} Nxd2
{[%clk 1:12:59]} 11. Bxd2 {[%clk 1:11:52]} Bxd2 {[%clk 1:12:33]} 12. Qxd2
{[%clk 1:11:35]} Nd7 {[%clk 1:09:44]} 13. Rac1 {[%clk 1:10:54]} Re8
{[%clk 1:09:41]} 14. Rfd1 {[%clk 1:09:17]} a5 {[%clk 1:03:55]} 15. Qc2
{[%clk 1:05:00]} c6 {[%clk 0:58:56]} 16. e3 {[%clk 1:00:16]} Qe7 {[%clk 0:49:34]}
17. a4 {[%clk 0:59:10]} h6 {[%clk 0:48:08]} 18. Nh4 {[%clk 0:53:17]} Nf6
{[%clk 0:45:34]} 19. Nf5 {[%clk 0:47:44]} Qf8 {[%clk 0:45:13]} 20. Re1
{[%clk 0:47:37]} Rad8 {[%clk 0:38:08]} 21. Rcd1 {[%clk 0:44:34]} Qb4
{[%clk 0:34:24]} 22. Nh4 {[%clk 0:34:14]} Rc8 {[%clk 0:27:59]} 23. Bh3
{[%clk 0:25:02]} Rc7 {[%clk 0:25:14]} 24. Nf3 {[%clk 0:25:19]} c5
{[%clk 0:20:11]} 25. dxc5 {[%clk 0:24:36]} bxc5 {[%clk 0:18:30]} 26. Nd4
{[%clk 0:24:14]} Ba6 {[%clk 0:14:34]} 27. Bf1 {[%clk 0:24:06]} Bxf1
{[%clk 0:14:23]} 28. Rxf1 {[%clk 0:24:22]} Ne4 {[%clk 0:11:22]} 29. Nb5
{[%clk 0:22:25]} Rd7 {[%clk 0:11:45]} 30. Rd3 {[%clk 0:17:46]} Ng5
{[%clk 0:11:29]} 31. Qd1 {[%clk 0:15:02]} Red8 {[%clk 0:10:30]} 32. Kg2
{[%clk 0:10:44]} Qe4+ {[%clk 0:08:12]} 33. f3 {[%clk 0:11:04]} Qe6
{[%clk 0:08:20]} 34. Qd2 {[%clk 0:07:52]} c4 {[%clk 0:06:47]} 35. Rc3
{[%clk 0:07:23]} cxb3 {[%clk 0:05:17]} 36. Nd4 {[%clk 0:07:21]} Qh3+
{[%clk 0:05:25]} 37. Kg1 {[%clk 0:07:40]} Ne6 {[%clk 0:04:27]} 38. Nc6
{[%clk 0:04:57]} Re8 {[%clk 0:04:29]} 39. Rxb3 {[%clk 0:04:54]} Nc5
{[%clk 0:02:50]} 40. Ra3 {[%clk 0:31:13]} Qe6 {[%clk 0:01:16]} 41. Nd4
{[%clk 0:30:11]} Qb6 {[%clk 0:30:48]} 42. Rc1 {[%clk 0:26:50]} Qb4
{[%clk 0:26:06]} 43. Qc3 {[%clk 0:26:00]} Ne6 {[%clk 0:18:13]} 44. Qxb4
{[%clk 0:10:26]} axb4 {[%clk 0:18:37]} 45. Rb3 {[%clk 0:10:55]} Nxd4
{[%clk 0:18:26]} 46. exd4 {[%clk 0:11:23]} Re2 {[%clk 0:16:48]} 47. Rxb4
{[%clk 0:10:43]} Ra2 {[%clk 0:16:36]} 48. Rf1 {[%clk 0:08:09]} Ra7
{[%clk 0:15:01]} 49. Rb5 {[%clk 0:06:24]} R7xa4 {[%clk 0:15:21]} 50. Rxd5
{[%clk 0:06:49]} Rd2 {[%clk 0:15:41]} 51. Rf2 {[%clk 0:07:10]} Rdxd4
{[%clk 0:16:03]} 1/2-1/2

[Event "ureki 2015"]
[Site "?"]
[Date "2015.10.05"]
[Round "1.5"]
[White "Chigaev, Maksim"]
[Black "Tutisani, Noe"]
[Result "1-0"]
[LiveChessVersion "1.3.1"]
[BlackElo "2335"]
[WhiteElo "2521"]

1. e4 {[%clk 1:30:55]} c5 {[%clk 1:29:16]} 2. Nf3 {[%clk 1:31:17]} d6
{[%clk 1:29:37]} 3. d4 {[%clk 1:31:42]} cxd4 {[%clk 1:30:04]} 4. Qxd4
{[%clk 1:32:06]} a6 {[%clk 1:30:25]} 5. h3 {[%clk 1:32:28]} Nc6 {[%clk 1:30:49]}
6. Qe3 {[%clk 1:32:52]} g6 {[%clk 1:31:13]} 7. Be2 {[%clk 1:33:07]} Bg7
{[%clk 1:31:37]} 8. O-O {[%clk 1:33:20]} Nf6 {[%clk 1:31:55]} 9. c4
{[%clk 1:33:25]} O-O 10. Nc3 {[%clk 1:33:48]} Nd7 {[%clk 1:32:04]} 11. Rd1
{[%clk 1:34:02]} Rb8 {[%clk 1:27:48]} 12. Rb1 {[%clk 1:33:20]} Qa5
{[%clk 1:23:08]} 13. Bd2 {[%clk 1:29:47]} Qc5 {[%clk 1:21:44]} 14. Rbc1
{[%clk 1:23:11]} Nde5 15. b3 {[%clk 1:23:26]} Nxf3+ {[%clk 1:12:18]} 16. Bxf3
{[%clk 1:20:28]} e5 17. Qd3 Nd4 {[%clk 1:04:31]} 18. Nd5 {[%clk 1:20:43]} Re8
{[%clk 1:03:48]} 19. Bb4 Qc6 {[%clk 0:55:50]} 20. c5 {[%clk 1:20:21]} dxc5
{[%clk 0:54:12]} 21. Bxc5 Qd7 {[%clk 0:47:47]} 22. Ba7 {[%clk 1:17:59]} Qd6 23.
Bxb8 {[%clk 1:15:48]} Qxb8 {[%clk 0:48:15]} 24. Bg4 f5 {[%clk 0:42:07]} 25. exf5
{[%clk 1:15:09]} Bxf5 {[%clk 0:37:33]} 26. Bxf5 {[%clk 1:15:17]} gxf5
{[%clk 0:37:59]} 27. Ne3 {[%clk 1:15:17]} Kh8 28. Nc2 {[%clk 1:10:36]} e4
{[%clk 0:35:48]} 29. Qd2 Nb5 30. Qg5 {[%clk 1:06:00]} Nc3 {[%clk 0:27:24]} 31.
Rd7 Rg8 32. Re1 {[%clk 1:04:29]} f4 {[%clk 0:25:21]} 33. Qf5 {[%clk 1:03:31]} f3
{[%clk 0:22:55]} 34. Nd4 {[%clk 0:56:10]} Rf8 {[%clk 0:18:15]} 35. Qh5
{[%clk 0:55:25]} Qc8 {[%clk 0:12:18]} 36. Re7 Rg8 37. Ne6 {[%clk 0:48:43]} Ne2+
{[%clk 0:13:04]} 38. Kh2 {[%clk 0:48:30]} Qc3 {[%clk 0:12:14]} 39. Ng5 1-0